[Event "SV Letmathe 1 - LSV Turm Lippstadt 1"]
[Site "NRW-Klasse, Gruppe 1 2012/201"]
[Date "2013.04.07"]
[Round "8.5"]
[White "Grobbel, Rainer"]
[Black "Gruermann, Martin"]
[Result "1-0"]
[WhiteElo "2072"]
[BlackElo "2142"]
[Annotator "Doe,John"]
[PlyCount "87"]
[EventDate "2013.??.??"]
[WhiteTeam "LSV Turm Lippstadt 1"]
[BlackTeam "SV Letmathe 1"]

1. d4 d5 2. c4 Nc6 3. Nc3 e5 4. cxd5 Nxd4 5. e3 Nf5 6. Nf3 Bd6 7. Be2 h6 8. O-O
Nf6 9. e4 Ne7 10. Ne1 O-O 11. Nd3 Ng6 12. Be3 Qe7 13. Rc1 Bd7 14. Qb3 Rfb8 15.
f3 c6 16. dxc6 Bxc6 17. Nb5 Bxb5 18. Qxb5 a6 $11 19. Qb3 Rc8 20. Rc4 b5 21. Rc2
Nf4 22. Nxf4 exf4 23. Bf2 Bc5 24. Rfc1 Bxf2+ 25. Kxf2 Qd8 26. Kf1 Rxc2 27. Qxc2
Qd4 28. Qc3 Rd8 29. Qxd4 Rxd4 30. Ke1 Ne8 31. Rc6 Rb4 32. b3 a5 33. Kd2 Rd4+
34. Kc3 Rd7 35. Bxb5 Nc7 36. Bc4 Kf8 37. Rc5 a4 38. bxa4 Ne6 39. Bxe6 fxe6 40.
a5 Ke7 41. a6 Ra7 42. Rc6 Kd7 43. Rb6 Rc7+ 44. Kb3 1-0

[Event "SV Letmathe 1 - LSV Turm Lippstadt 1"]
[Site "NRW-Klasse, Gruppe 1 2012/201"]
[Date "2013.04.07"]
[Round "8.6"]
[White "Haude, Ruediger"]
[Black "Wagner, Alexej"]
[Result "0-1"]
[WhiteElo "2069"]
[BlackElo "2104"]
[Annotator "Doe,John"]
[PlyCount "104"]
[EventDate "2013.??.??"]
[WhiteTeam "SV Letmathe 1"]
[BlackTeam "LSV Turm Lippstadt 1"]

1. Nf3 d5 2. d4 Nf6 3. Bg5 c5 4. Bxf6 exf6 5. dxc5 Bxc5 6. e3 O-O 7. c3 Nc6 8.
Nbd2 Re8 9. Nb3 Bb6 10. Be2 Bg4 11. Nfd4 Bxe2 12. Nxe2 Qd6 13. O-O Bc7 14. g3
Ne5 15. Nf4 Rad8 16. Nd4 Qd7 17. Qh5 g6 18. Qh3 $11 Nc4 19. Qxd7 Rxd7 20. Nd3
Bb6 21. Rfd1 f5 22. Nf3 f6 23. Rab1 Kf7 24. Nd4 Rc8 25. Rbc1 a6 26. Rc2 Ne5 27.
Ne1 Ba7 28. Re2 b5 29. Nd3 Bxd4 30. exd4 Nxd3 31. Rxd3 Rc4 32. a3 a5 33. Kf1
Rb7 34. Ke1 b4 35. cxb4 axb4 36. b3 Rc1+ 37. Kd2 Rh1 38. a4 Rxh2 39. Kc2 g5 40.
Rf3 Kg6 41. Re8 Kf7 42. Rd8 f4 43. Rxd5 fxg3 44. Rxg3 Rxf2+ 45. Kb1 h5 46. Rd3
Re7 47. Rc5 Re1+ 48. Rc1 Rxc1+ 49. Kxc1 h4 50. Kd1 g4 51. Ke1 g3 52. d5 Rf5 0-1

[Event "SV Letmathe 1 - LSV Turm Lippstadt 1"]
[Site "NRW-Klasse, Gruppe 1 2012/201"]
[Date "2013.04.07"]
[Round "8.7"]
[White "Hagenhoff, Georg"]
[Black "Pfleger, Sascha"]
[Result "1/2-1/2"]
[WhiteElo "1875"]
[BlackElo "2016"]
[Annotator "Doe,John"]
[PlyCount "108"]
[EventDate "2013.??.??"]
[WhiteTeam "LSV Turm Lippstadt 1"]
[BlackTeam "SV Letmathe 1"]

1. b4 f5 2. Bb2 Nf6 3. e3 e6 4. b5 Be7 5. c4 O-O 6. Nf3 d6 7. Nc3 Nbd7 8. d4
Ne4 9. Bd3 d5 10. O-O Ndf6 11. Qb3 Nxc3 12. Bxc3 a5 13. a4 Ne4 14. Bb2 Bf6 15.
Rac1 Rf7 16. Rc2 c6 17. Rfc1 Bd7 18. Ne5 Bxe5 19. dxe5 Nc5 20. Qa3 Nxd3 21.
Qxd3 dxc4 22. Qxc4 cxb5 23. axb5 Qe8 24. b6 Bc6 25. Ba3 Ra6 26. Qd4 Rd7 27. Bd6
Qd8 28. Rb2 Bd5 29. Rc7 a4 30. Rxd7 Qxd7 31. Ba3 Qc6 32. f3 Ra8 33. Rb1 Qc4 34.
Qd2 Qa6 35. Qb4 Qd3 36. Re1 Qc4 37. Qd6 Rc8 38. Rc1 Qxc1+ 39. Bxc1 Rxc1+ 40.
Kf2 Rc4 41. h4 h5 42. Qe7 Kh7 43. Qg5 g6 $11 44. Qe7+ Kg8 45. Qf6 a3 46. Qd8+
Kf7 47. Qd7+ Kf8 48. Qd6+ Ke8 49. Qxa3 Rxh4 50. Qa8+ Kd7 51. Qb8 Rc4 52. Qd6+
Ke8 53. Qb8+ Kd7 54. Qd6+ Ke8 1/2-1/2

[Event "SV Letmathe 1 - LSV Turm Lippstadt 1"]
[Site "NRW-Klasse, Gruppe 1 2012/201"]
[Date "2013.04.07"]
[Round "8.8"]
[White "Weyrauch, Erich"]
[Black "Kuehler, Andreas"]
[Result "1/2-1/2"]
[WhiteElo "2026"]
[BlackElo "1839"]
[PlyCount "44"]
[EventDate "2013.??.??"]
[WhiteTeam "SV Letmathe 1"]
[BlackTeam "LSV Turm Lippstadt 1"]

1. e4 e5 2. Bc4 Nf6 3. Nc3 c6 4. d3 d5 5. exd5 cxd5 6. Bb5+ Bd7 7. Qe2 Bd6 8.
Bd2 O-O 9. Bxd7 Qxd7 10. Nf3 Nc6 11. O-O Rac8 12. Bg5 Bb8 13. Rad1 Nd4 14. Nxd4
exd4 15. Bxf6 dxc3 16. Bxc3 d4 17. Bb4 Rfe8 18. Qd2 Qc7 19. g3 Qxc2 20. Rfe1
Qxd2 21. Rxe8+ Rxe8 22. Rxd2 b6 1/2-1/2

[Event "SK Münster 2 - SV Castrop-Rauxel 1"]
[Site "NRW-Klasse, Gruppe 1 2012/201"]
[Date "2013.04.07"]
[Round "8.1"]
[White "Van Eijk, Sander"]
[Black "Emunds, Hans Georg"]
[Result "1/2-1/2"]
[WhiteElo "2412"]
[BlackElo "2179"]
[PlyCount "129"]
[EventDate "2013.??.??"]
[WhiteTeam "SV Castrop-Rauxel 1"]
[BlackTeam "SK Münster 2"]

1. e4 c5 2. Nc3 Nc6 3. Nge2 g6 4. d4 cxd4 5. Nxd4 Bg7 6. Nde2 d6 7. g3 b5 8.
Bg2 b4 9. Nd5 e6 10. Ndf4 Nge7 11. a3 bxa3 12. Rxa3 O-O 13. O-O Rb8 14. b3 Qc7
15. Be3 Rd8 16. c4 a5 17. Qd2 a4 18. bxa4 Na5 19. Ra2 Ba6 20. Rc2 Nec6 21. Nd3
Nb3 22. Qd1 Qa5 23. Bd2 Nxd2 24. Qxd2 Qxd2 25. Rxd2 Bxc4 26. Rc1 Na5 27. Rf1
Nb3 28. Rdd1 Nc5 29. Nec1 Nxa4 30. Rfe1 Nc3 31. Rd2 Rb1 32. Rc2 d5 33. exd5
Bxd5 34. Ne2 Rxe1+ 35. Nxe1 Nxe2+ 36. Rxe2 h5 37. h4 Bf6 38. Rd2 Bc3 39. Rd1
Bxe1 40. Rxe1 Kg7 41. Ra1 Rd7 42. Ra6 Kf6 43. Bxd5 Rxd5 44. Ra7 e5 45. Kf1 Rd2
46. Rb7 Ke6 47. Ra7 f6 48. Rg7 Kf5 49. Rf7 e4 50. Re7 Rd6 51. Kg2 Re6 52. Rg7
g5 53. hxg5 fxg5 54. Ra7 h4 55. gxh4 gxh4 56. Rf7+ Rf6 57. Rh7 Kg5 58. Re7 Kf4
59. Rh7 Rg6+ 60. Kh3 Kf3 61. Rf7+ Ke2 62. Rf4 Rh6 63. Rxe4+ Kxf2 64. Rf4+ Ke3
65. Rf8 1/2-1/2

[Event "SK Münster 2 - SV Castrop-Rauxel 1"]
[Site "NRW-Klasse, Gruppe 1 2012/201"]
[Date "2013.04.07"]
[Round "8.2"]
[White "Mueschenich, Stefan"]
[Black "Kartsev, Alexandr"]
[Result "1/2-1/2"]
[WhiteElo "2106"]
[BlackElo "2179"]
[PlyCount "29"]
[EventDate "2013.??.??"]
[WhiteTeam "SK Münster 2"]
[BlackTeam "SV Castrop-Rauxel 1"]

1. e4 c6 2. Nc3 d5 3. Qf3 dxe4 4. Nxe4 Nd7 5. d4 Ndf6 6. Nxf6+ Nxf6 7. c3 Bg4
8. Qg3 e6 9. Nf3 Qd5 10. Ne5 Bf5 11. Be3 Ne4 12. Qf3 Nf6 13. Qg3 Ne4 14. Qf3
Nf6 15. Qg3 1/2-1/2

[Event "SK Münster 2 - SV Castrop-Rauxel 1"]
[Site "NRW-Klasse, Gruppe 1 2012/201"]
[Date "2013.04.07"]
[Round "8.3"]
[White "Kartsev, Soel"]
[Black "Rehfeldt, Frank"]
[Result "1-0"]
[WhiteElo "2140"]
[BlackElo "2143"]
[PlyCount "121"]
[EventDate "2013.??.??"]
[WhiteTeam "SV Castrop-Rauxel 1"]
[BlackTeam "SK Münster 2"]

1. e4 c6 2. d4 d5 3. Nc3 dxe4 4. Nxe4 Bf5 5. Ng3 Bg6 6. h4 h6 7. h5 Bh7 8. Nf3
Nd7 9. Bd3 Bxd3 10. Qxd3 e6 11. Bd2 Qc7 12. O-O-O O-O-O 13. Qe2 Bd6 14. Ne4 Bf4
15. Kb1 Bxd2 16. Rxd2 Ngf6 17. Nxf6 gxf6 18. g3 Kb8 19. c4 Nb6 20. b3 Nc8 21.
Rhd1 Ne7 22. Qe4 Rhe8 23. Qh4 Ng8 24. Qe4 Ne7 25. Rc2 Ka8 26. Qh4 Ng8 27. d5
Rd6 28. Qf4 Rc8 29. Rdd2 a6 30. Qe3 Rcd8 31. dxc6 Qxc6 32. Rxd6 Rxd6 33. c5
Rd1+ 34. Kb2 e5 35. Nd2 Qd5 36. Nc4 Kb8 37. c6 Qd4+ 38. Qxd4 Rxd4 39. Na5 Rd5
40. Nxb7 Ne7 41. Nd8 Kc7 42. Nxf7 Ng8 43. g4 Rd4 44. f3 Rd3 45. Rc3 Rd2+ 46.
Ka3 Ne7 47. Nxh6 a5 48. Nf7 Nc8 49. b4 Na7 50. Rc5 axb4+ 51. Kxb4 Nxc6+ 52. Kc4
Rxa2 53. Kd5 Kd7 54. Rxc6 Rd2+ 55. Ke4 Kxc6 56. h6 Rh2 57. Kf5 Rh3 58. Kxf6
Rxf3+ 59. Kg7 e4 60. h7 Rh3 61. Nh6 1-0

[Event "SK Münster 2 - SV Castrop-Rauxel 1"]
[Site "NRW-Klasse, Gruppe 1 2012/201"]
[Date "2013.04.07"]
[Round "8.4"]
[White "Virnyi, Julius"]
[Black "Sokalsky, Alexander"]
[Result "0-1"]
[WhiteElo "2056"]
[BlackElo "2218"]
[PlyCount "104"]
[EventDate "2013.??.??"]
[WhiteTeam "SK Münster 2"]
[BlackTeam "SV Castrop-Rauxel 1"]

1. d4 Nf6 2. c4 e6 3. g3 d5 4. Nf3 Be7 5. Bg2 O-O 6. O-O dxc4 7. Qa4 a6 8. Qxc4
b5 9. Qc2 Bb7 10. Bd2 Be4 11. Qc1 Nbd7 12. Ba5 Ra7 13. Nbd2 Bd5 14. Re1 Ne4 15.
Nxe4 Bxe4 16. Qf4 f5 17. Rac1 Nb6 18. Bxb6 cxb6 19. h4 Qd5 20. a3 b4 21. axb4
Bxb4 22. Red1 Bd6 23. Qd2 a5 24. Ne1 Bb4 25. Bxe4 fxe4 26. Qe3 Raf7 27. Ng2 Bd6
28. Rf1 h6 29. Rc3 a4 30. Rcc1 b5 31. Qc3 b4 32. Qc6 Qxc6 33. Rxc6 Bxg3 34.
Rxe6 Bxf2+ 35. Kh1 Bxd4 36. Rxf7 Rxf7 37. Rxe4 Rf1+ 38. Kh2 a3 39. bxa3 bxa3
40. Rxd4 a2 41. Ra4 a1=Q 42. Rxa1 Rxa1 43. Kg3 Kf7 44. Nf4 Ra3+ 45. Kg4 g6 46.
Nd3 Kf6 47. Kf4 Ra4+ 48. e4 Ra1 49. Kg4 Ra3 50. e5+ Kf7 51. Nf4 Re3 52. e6+ Kg7
0-1

[Event "SK Münster 2 - SV Castrop-Rauxel 1"]
[Site "NRW-Klasse, Gruppe 1 2012/201"]
[Date "2013.04.07"]
[Round "8.5"]
[White "Kaeding, Rainer"]
[Black "Kammers, Heribert"]
[Result "1/2-1/2"]
[WhiteElo "2101"]
[BlackElo "2090"]
[PlyCount "86"]
[EventDate "2013.??.??"]
[WhiteTeam "SV Castrop-Rauxel 1"]
[BlackTeam "SK Münster 2"]

1. Nf3 d5 2. c4 e6 3. g3 Nf6 4. Bg2 Be7 5. O-O O-O 6. b3 c5 7. e3 Nc6 8. Bb2 d4
9. exd4 cxd4 10. d3 e5 11. h3 Nd7 12. Re1 f6 13. a3 a5 14. Nbd2 Nc5 15. Ne4
Nxe4 16. Rxe4 Bf5 17. Re1 Qd7 18. g4 Be6 19. Qe2 h5 20. Nh2 hxg4 21. hxg4 g5
22. Be4 Kg7 23. f3 Rh8 24. Kg2 Bd6 25. Qd2 Rh4 26. Rh1 Rah8 27. Rag1 Ne7 28.
Nf1 Ng6 29. Bxg6 Kxg6 30. Ng3 b6 31. Qe2 Qb7 32. Qe4+ Qxe4 33. Nxe4 Bc5 34. Bc1
Be7 35. Rxh4 Rxh4 36. Rh1 Rxh1 37. Kxh1 f5 38. Nf2 Bd7 39. Kg2 f4 40. Kf1 Bc6
41. Ke2 Kf6 42. Bb2 Ke6 43. Bc1 Kf6 1/2-1/2

[Event "SK Münster 2 - SV Castrop-Rauxel 1"]
[Site "NRW-Klasse, Gruppe 1 2012/201"]
[Date "2013.04.07"]
[Round "8.6"]
[White "Kaufhold, Thomas"]
[Black "Boehnke, Martin"]
[Result "0-1"]
[WhiteElo "2015"]
[BlackElo "2100"]
[PlyCount "80"]
[EventDate "2013.??.??"]
[WhiteTeam "SK Münster 2"]
[BlackTeam "SV Castrop-Rauxel 1"]

1. d4 d5 2. Nf3 Nf6 3. c4 c6 4. Nc3 dxc4 5. e4 b5 6. a4 b4 7. Nb1 Nxe4 8. Bxc4
e6 9. O-O Nd7 10. Qc2 Nef6 11. Bg5 Be7 12. Nbd2 Bb7 13. Nb3 O-O 14. Ne5 Nxe5
15. dxe5 Nd7 16. Bf4 c5 17. Rfe1 g6 18. Rad1 Qc7 19. Nd2 Nb6 20. Bd3 Rfd8 21.
Ne4 Bxe4 22. Rxe4 Rac8 23. Rc1 Qb7 24. b3 Rd4 25. Be3 Rxe4 26. Bxe4 Qc7 27. f4
Nd5 28. Bd2 a5 29. g3 Nb6 30. Be3 Nd5 31. Bd2 Rd8 32. Kf2 Qd7 33. Be1 Nb6 34.
Ke2 c4 35. bxc4 Nxa4 36. Ra1 Nc5 37. Rxa5 b3 38. Qb1 Qd4 39. Kf3 Qxc4 40. Ra7
Nxe4 0-1

[Event "SK Münster 2 - SV Castrop-Rauxel 1"]
[Site "NRW-Klasse, Gruppe 1 2012/201"]
[Date "2013.04.07"]
[Round "8.7"]
[White "Hille, Ralph Ingo"]
[Black "Niermann, Rainer"]
[Result "1/2-1/2"]
[WhiteElo "2090"]
[BlackElo "2020"]
[Annotator "Doe,John"]
[PlyCount "88"]
[EventDate "2013.??.??"]
[WhiteTeam "SV Castrop-Rauxel 1"]
[BlackTeam "SK Münster 2"]

1. Nf3 c5 2. g3 Nc6 3. Bg2 g6 4. O-O Bg7 5. e4 d6 6. d3 Bg4 7. Nbd2 Qd7 8. Re1
Nf6 9. c3 O-O 10. a4 d5 11. Qc2 Rfd8 12. Nf1 dxe4 13. dxe4 Qd3 14. Qxd3 Rxd3
15. Ne3 Rad8 16. Nxg4 Nxg4 17. h3 Nge5 18. Nxe5 $11 Nxe5 19. Be3 b6 20. Reb1
R3d7 21. a5 Nc4 22. axb6 axb6 23. Bf4 h6 24. Bf3 g5 25. Bc1 Na5 26. Be3 Nc4 27.
Bc1 Nd2 28. Bxd2 Rxd2 29. Rd1 Be5 30. Kf1 R8d6 31. Rxd2 Rxd2 32. Rb1 b5 33. Be2
b4 34. cxb4 cxb4 35. b3 Kg7 36. Rd1 Rb2 37. Bc4 Bd6 38. Re1 Kf6 39. Re2 Rb1+
40. Kg2 e6 41. Rd2 Bc5 42. Ra2 Bd4 43. f4 Rg1+ 44. Kf3 gxf4 1/2-1/2

[Event "SK Münster 2 - SV Castrop-Rauxel 1"]
[Site "NRW-Klasse, Gruppe 1 2012/201"]
[Date "2013.04.07"]
[Round "8.8"]
[White "Ollech, Dirk"]
[Black "Friedl, Thomas"]
[Result "0-1"]
[WhiteElo "1944"]
[BlackElo "2088"]
[PlyCount "68"]
[EventDate "2013.??.??"]
[WhiteTeam "SK Münster 2"]
[BlackTeam "SV Castrop-Rauxel 1"]

1. c4 e6 2. g3 d5 3. Bg2 c6 4. Nf3 f5 5. O-O Nf6 6. b3 Be7 7. Bb2 O-O 8. d3 c5
9. cxd5 exd5 10. Nbd2 Nc6 11. Rc1 b6 12. Ne5 Nxe5 13. Bxe5 Bb7 14. Bb2 Bd6 15.
Nc4 Bc7 16. e3 Qe7 17. Nd2 Bd6 18. Nf3 Rac8 19. Re1 Rfd8 20. Qe2 g6 21. Ba1 Kg7
22. Ng5 h6 23. Nh3 g5 24. f4 Kg6 25. fxg5 hxg5 26. Nf2 Be5 27. d4 Bd6 28. Qf3
g4 29. Qe2 Rh8 30. Nd3 Qh7 31. Nf4+ Bxf4 32. exf4 Qxh2+ 33. Kf1 Rce8 34. Qf2
Ba6+ 0-1

[Event "Bielefelder SK 1 - SV Hattingen 1"]
[Site "NRW-Klasse, Gruppe 1 2012/201"]
[Date "2013.04.07"]
[Round "8.1"]
[White "De Vreugt, Dennis"]
[Black "Malcher, Werner"]
[Result "1-0"]
[WhiteElo "2369"]
[BlackElo "2329"]
[Annotator "Doe,John"]
[PlyCount "143"]
[EventDate "2013.??.??"]
[WhiteTeam "SV Hattingen 1"]
[BlackTeam "Bielefelder SK 1"]

1. e4 c5 2. Nf3 d6 3. c3 Nf6 4. Bd3 g6 5. O-O Bg7 6. Bc2 O-O 7. d4 cxd4 8. cxd4
Nc6 9. d5 Nb4 10. Bb3 Bg4 11. Nc3 Nd7 12. a3 Bxf3 13. Qxf3 Nc5 14. Na4 Nbd3 15.
Nxc5 Nxc5 $11 16. Bc2 a5 17. Rb1 Qd7 18. Qe2 a4 19. Bd2 Rac8 20. Bc3 e5 21.
dxe6 fxe6 22. Bxg7 Kxg7 23. f4 Qe7 24. Rbd1 Rc6 25. Rf2 Rb6 26. Qe3 e5 27. f5
Rxb2 28. Rdf1 Nd7 29. Qc3 Rb6 30. Qc7 Qd8 31. f6+ Kh8 32. Qxd8 Rxd8 33. Bxa4
Nf8 34. Rc2 Ne6 35. Rc3 Ra6 36. Bd1 Nc5 37. Re3 Kg8 38. h4 h5 39. Rg3 Kf7 40.
Rc3 Rc6 41. Rc4 Re8 42. Rb4 Rc7 43. Be2 Kf8 44. Bc4 Ra8 45. Bd5 Rxa3 46. Rc1
Ra8 47. Rb6 Ra6 48. Rb3 Ra8 49. Rg3 Ne6 50. Rf1 Nf4 51. Rxf4 exf4 52. Rxg6 Rf7
53. Kf2 Ra3 54. Rh6 Ke8 55. Bxf7+ Kxf7 56. Rxh5 Re3 57. g4 Kxf6 58. Rf5+ Kg6
59. h5+ Kh6 60. Rf6+ Kg7 61. Rxf4 Rb3 62. Rf5 b5 63. Rd5 Rb2+ 64. Kf3 b4 65.
Rxd6 b3 66. Rb6 Rh2 67. Kg3 Re2 68. Kf4 b2 69. g5 Rh2 70. Rb7+ Kg8 71. h6 Rh4+
72. Kf5 1-0

[Event "Bielefelder SK 1 - SV Hattingen 1"]
[Site "NRW-Klasse, Gruppe 1 2012/201"]
[Date "2013.04.07"]
[Round "8.2"]
[White "Forchert, Martin"]
[Black "Jonkman, Harmen"]
[Result "1-0"]
[WhiteElo "2224"]
[BlackElo "2421"]
[PlyCount "121"]
[EventDate "2013.??.??"]
[WhiteTeam "Bielefelder SK 1"]
[BlackTeam "SV Hattingen 1"]

1. e4 e5 2. Nf3 Nc6 3. d4 exd4 4. Nxd4 Bb4+ 5. c3 Bc5 6. Nxc6 bxc6 7. Bd3 Qh4
8. Qe2 Ne7 9. Nd2 Ng6 10. Nf3 Qe7 11. O-O O-O 12. Re1 Re8 13. Be3 Bxe3 14. Qxe3
c5 15. Qd2 Bb7 16. Re3 Qf6 17. Rae1 Re7 18. e5 Qb6 19. Be4 Rb8 20. b3 Rbe8 21.
Bxb7 Qxb7 22. c4 Qb4 23. Qxb4 cxb4 24. Kf1 a5 25. Rd1 Ra8 26. Red3 Nf8 27. Rd5
c6 28. R5d3 a4 29. Re3 axb3 30. axb3 Ra5 31. g3 Re8 32. h4 h6 33. h5 Rea8 34.
Nd4 Ra2 35. Re2 R8a3 36. Rxa2 Rxa2 37. Nf5 Ra5 38. f4 f6 39. Ne7+ Kf7 40. Ng6
Nxg6 41. hxg6+ Kxg6 42. exf6 gxf6 43. Rxd7 Ra3 44. Rd3 Kf5 45. Ke2 h5 46. Ke3
Ra8 47. Rd6 Ra3 48. Rd3 Kg4 49. Kd4 Ra5 50. c5 Ra1 51. Kc4 Rg1 52. Rd6 Rxg3 53.
Rxc6 h4 54. Rxf6 h3 55. Rh6 Kxf4 56. c6 Ke5 57. Kxb4 h2 58. c7 Rg8 59. Rxh2 Kd6
60. Rc2 Rc8 61. Kb5 1-0

[Event "Bielefelder SK 1 - SV Hattingen 1"]
[Site "NRW-Klasse, Gruppe 1 2012/201"]
[Date "2013.04.07"]
[Round "8.3"]
[White "Schleining, Zoya"]
[Black "Gruen, Gerd-Peter"]
[Result "1-0"]
[WhiteElo "2322"]
[BlackElo "2297"]
[PlyCount "115"]
[EventDate "2013.??.??"]
[WhiteTeam "SV Hattingen 1"]
[BlackTeam "Bielefelder SK 1"]

1. Nf3 Nf6 2. c4 e6 3. g3 d5 4. Bg2 dxc4 5. Qa4+ Nbd7 6. Qxc4 a6 7. Qc2 Rb8 8.
O-O b5 9. d3 Bb7 10. a4 c5 11. Bf4 Rc8 12. axb5 axb5 13. Na3 e5 14. Bxe5 Nxe5
15. Nxe5 Bxg2 16. Kxg2 Qd5+ 17. Nf3 Rb8 18. e4 Qb7 19. Qe2 Be7 20. Rfe1 O-O 21.
Nc2 Rfd8 22. e5 Nd5 23. Qe4 g6 24. Rad1 Nb6 25. Ne3 Na4 26. Qxb7 Rxb7 27. Re2
Rbd7 28. Red2 h5 29. h4 Bf8 30. Kf1 Nb6 31. Ke2 Nd5 32. Ng5 Bh6 33. Nxd5 Rxd5
34. f4 Bxg5 35. hxg5 Rd4 36. Ke3 R8d5 37. Rc1 Kf8 38. Rxc5 Rxd3+ 39. Rxd3 Rxc5
40. Rb3 Ke7 41. Rc3 Rd5 42. Rc6 Kd7 43. Rf6 Ke7 44. b4 Rd1 45. Rb6 Rb1 46. Rxb5
Rb3+ 47. Kf2 Rb2+ 48. Kf3 Rb3+ 49. Kg2 Ke6 50. Kh3 Kf5 51. Rb7 Ke6 52. b5 Rb2
53. b6 Rb3 54. Rb8 Rb1 55. g4 hxg4+ 56. Kxg4 Rb3 57. b7 Ke7 58. e6 1-0

[Event "Bielefelder SK 1 - SV Hattingen 1"]
[Site "NRW-Klasse, Gruppe 1 2012/201"]
[Date "2013.04.07"]
[Round "8.4"]
[White "Goeßling, Guido"]
[Black "Jonker, Marc"]
[Result "1-0"]
[WhiteElo "2144"]
[BlackElo "2254"]
[PlyCount "47"]
[EventDate "2013.??.??"]
[WhiteTeam "Bielefelder SK 1"]
[BlackTeam "SV Hattingen 1"]

1. e4 d6 2. d4 Nf6 3. Nc3 c6 4. f4 Qa5 5. Bd3 e5 6. Nf3 Bg4 7. Be3 Qb6 8. fxe5
dxe5 9. Qd2 exd4 10. Bxd4 Qd8 11. Qe3 Bxf3 12. gxf3 Nh5 13. O-O-O Nd7 14. Rhg1
Qh4 15. Bc4 Qf4 16. Qxf4 Nxf4 17. Bxg7 Bxg7 18. Rxg7 Ne5 19. Bb3 h6 20. Kd2
Nfg6 21. Bxf7+ Kf8 22. Rxg6 Kxf7 23. Rg3 Rad8+ 24. Ke2 1-0

[Event "Bielefelder SK 1 - SV Hattingen 1"]
[Site "NRW-Klasse, Gruppe 1 2012/201"]
[Date "2013.04.07"]
[Round "8.5"]
[White "Huette, Stefan"]
[Black "Wagenknecht, Uwe"]
[Result "1/2-1/2"]
[WhiteElo "2013"]
[BlackElo "2175"]
[Annotator "Doe,John"]
[PlyCount "94"]
[EventDate "2013.??.??"]
[WhiteTeam "SV Hattingen 1"]
[BlackTeam "Bielefelder SK 1"]

1. d4 Nf6 2. Bg5 Ne4 3. h4 d5 4. Nd2 Bf5 5. Nxe4 dxe4 6. e3 h6 7. Bf4 e6 8. c3
Bd6 9. Qa4+ c6 10. Bxd6 Qxd6 11. Ne2 Nd7 12. Qc2 Nf6 13. c4 e5 14. Qc3 exd4 15.
Nxd4 Bg4 16. Qd2 Rd8 17. Be2 Bxe2 18. Qxe2 Qb4+ 19. Kf1 c5 20. a3 Qa4 21. Nb5
O-O 22. g4 $11 Nd7 23. Nc3 Qc6 24. Nd5 Qe6 25. g5 Ne5 26. gxh6 Qxh6 27. Ke1 b5
28. b3 bxc4 29. bxc4 Rfe8 30. Rd1 Nd3+ 31. Kf1 Rd6 32. Qg4 Qe6 33. Qg5 f6 34.
Qg6 Qf7 35. Qg3 Rd7 36. Rg1 Re5 37. f4 Rexd5 38. cxd5 Qxd5 39. Qg6 Rf7 40. h5
Qa2 41. Rg2 Qb3 42. Rgd2 Qe6 43. f5 Qa6 44. Kg1 c4 45. h6 Qb6 46. h7+ Kh8 47.
Qxf7 Qxe3+ 1/2-1/2

[Event "Bielefelder SK 1 - SV Hattingen 1"]
[Site "NRW-Klasse, Gruppe 1 2012/201"]
[Date "2013.04.07"]
[Round "8.6"]
[White "Simon, Hans Christian"]
[Black "Lindner-Emden, Carsten"]
[Result "1-0"]
[WhiteElo "2129"]
[BlackElo "1962"]
[PlyCount "43"]
[EventDate "2013.??.??"]
[WhiteTeam "Bielefelder SK 1"]
[BlackTeam "SV Hattingen 1"]

1. Nf3 Nf6 2. g3 g6 3. Bg2 Bg7 4. O-O O-O 5. c4 d6 6. d4 c6 7. Nc3 Qa5 8. e4
Qh5 9. e5 Ne8 10. Re1 Bg4 11. Qb3 Bc8 12. Bf4 Na6 13. exd6 exd6 14. Re7 Bf6 15.
Rxb7 g5 16. Be3 Bxb7 17. Qxb7 Nac7 18. Qxc6 Rb8 19. Ne4 g4 20. Qxc7 gxf3 21.
Qxb8 fxg2 22. Qxe8 1-0

[Event "Bielefelder SK 1 - SV Hattingen 1"]
[Site "NRW-Klasse, Gruppe 1 2012/201"]
[Date "2013.04.07"]
[Round "8.7"]
[White "Marx, Henning"]
[Black "Gruettemeier, Uwe"]
[Result "1/2-1/2"]
[WhiteElo "1910"]
[BlackElo "2074"]
[Annotator "Doe,John"]
[PlyCount "104"]
[EventDate "2013.??.??"]
[WhiteTeam "SV Hattingen 1"]
[BlackTeam "Bielefelder SK 1"]

1. d4 c6 2. Nf3 g6 3. c3 Bg7 4. Bg5 h6 5. Bh4 d6 6. e3 Qc7 7. Qc2 e5 8. dxe5
dxe5 9. e4 Nf6 10. Nbd2 g5 11. Bg3 Nh5 12. O-O-O b5 13. c4 a6 14. Nb3 O-O 15.
Qd2 $11 Re8 16. Qa5 Qxa5 17. Nxa5 Nf4 18. Ne1 Be6 19. f3 Nd7 20. Bf2 Bf8 21. g3
Ng6 22. Nc2 Rec8 23. Be2 Rab8 24. Ba7 Ra8 25. Bf2 Rc7 26. Rd2 Be7 27. Rhd1 Ndf8
28. Be3 Kg7 29. Bf2 Rb8 30. Be3 Nd7 31. Bf2 Nc5 32. b3 Nb7 33. Nxb7 Rbxb7 34.
c5 a5 35. Kb2 Rd7 36. a3 Rxd2 37. Rxd2 Nf8 38. Ne1 Nd7 39. Rc2 Nb8 40. Be3 Rd7
41. Nd3 f6 42. Bd2 a4 43. b4 Bb3 44. Rc1 Na6 45. Kc3 Nc7 46. Be3 Ne6 47. Ne1
Nd4 48. Bxd4 exd4+ 49. Kd2 Bd8 50. Bd3 Bc7 51. Ng2 Be6 52. Rf1 Bh3 1/2-1/2

[Event "Bielefelder SK 1 - SV Hattingen 1"]
[Site "NRW-Klasse, Gruppe 1 2012/201"]
[Date "2013.04.07"]
[Round "8.8"]
[White "Danielmeier, Ralf"]
[Black "Hammacher, Henning"]
[Result "1-0"]
[WhiteElo "2081"]
[BlackElo "1751"]
[PlyCount "81"]
[EventDate "2013.??.??"]
[WhiteTeam "Bielefelder SK 1"]
[BlackTeam "SV Hattingen 1"]

1. e4 e6 2. d3 d5 3. Nd2 Nf6 4. e5 Nfd7 5. f4 c5 6. g3 Nc6 7. Bg2 Be7 8. Nh3
O-O 9. O-O f6 10. exf6 Nxf6 11. Nf3 Qb6 12. c3 Bd7 13. Re1 Rae8 14. Nhg5 Bd6
15. Ne5 Qc7 16. Nxd7 Qxd7 17. Bh3 Nd8 18. Qe2 Re7 19. Bd2 Rfe8 20. Nf3 Qc7 21.
Qg2 c4 22. dxc4 Qxc4 23. Qe2 Qxe2 24. Rxe2 Ne4 25. Be3 Nc6 26. Rd1 Bc5 27. Bxc5
Nxc5 28. Bg2 Ne4 29. c4 Nf6 30. Nd4 Nxd4 31. Rxd4 e5 32. Rxe5 Rxe5 33. fxe5
Rxe5 34. cxd5 Kf8 35. d6 Ke8 36. Bxb7 Kd7 37. Bg2 Rc5 38. Bh3+ Kd8 39. Rb4 Rc1+
40. Kf2 Nd7 41. Rb7 1-0

[Event "Langenfelder SF 1 - SG Bochum 2"]
[Site "NRW-Klasse, Gruppe 1 2012/201"]
[Date "2013.04.07"]
[Round "8.1"]
[White "Dahm, Jochen"]
[Black "Weber, Peter"]
[Result "1-0"]
[WhiteElo "2297"]
[BlackElo "2189"]
[PlyCount "115"]
[EventDate "2013.??.??"]
[WhiteTeam "SG Bochum 2"]
[BlackTeam "Langenfelder SF 1"]

1. e4 e6 2. d4 d5 3. Nd2 Nc6 4. Ngf3 Nf6 5. e5 Nd7 6. Be2 f6 7. exf6 Qxf6 8.
Nf1 Bd6 9. Ne3 O-O 10. O-O Qg6 11. g3 Nf6 12. Nh4 Qf7 13. f4 Ne7 14. c3 c5 15.
Nf3 Ne4 16. Bd3 cxd4 17. Nxd4 Bc5 18. Nb3 Bb6 19. Kg2 Nf5 20. Qf3 Bd7 21. a4 a5
22. Nxf5 exf5 23. Nd4 Qe8 24. Qd1 Bxd4 25. cxd4 Rf6 26. Qb3 Bc6 27. Be3 Nxg3
28. hxg3 Qxe3 29. Qc3 Qe7 30. Rfe1 Qb4 31. Qxb4 axb4 32. b3 Re8 33. Re5 g6 34.
Kf2 Rfe6 35. Rc1 Kf7 36. Rc5 Ke7 37. Bb5 Kd6 38. Bxc6 bxc6 39. Ra5 Kc7 40. Ra7+
Kb6 41. Rxh7 Rxe5 42. dxe5 c5 43. Rd7 d4 44. Rd6+ Ka5 45. Ke2 c4 46. Rd5+ Ka6
47. bxc4 Rb8 48. Kd2 b3 49. Kc1 d3 50. Rxd3 Ka5 51. Kb2 Kxa4 52. Re3 Rd8 53.
Rxb3 Rd2+ 54. Kc3 Rg2 55. Rb2 Rxg3+ 56. Kd4 Rf3 57. Re2 Rxf4+ 58. Kd5 1-0

[Event "Langenfelder SF 1 - SG Bochum 2"]
[Site "NRW-Klasse, Gruppe 1 2012/201"]
[Date "2013.04.07"]
[Round "8.2"]
[White "Homuth, Wolfgang"]
[Black "Tkachuk, Konstantyn"]
[Result "1/2-1/2"]
[WhiteElo "2197"]
[BlackElo "2215"]
[PlyCount "91"]
[EventDate "2013.??.??"]
[WhiteTeam "Langenfelder SF 1"]
[BlackTeam "SG Bochum 2"]

1. e4 c5 2. c3 g6 3. Nf3 Bg7 4. d4 cxd4 5. cxd4 d5 6. e5 f6 7. h3 fxe5 8. dxe5
e6 9. Bd3 Nc6 10. Bf4 Nge7 11. Nbd2 O-O 12. Bh2 Bd7 13. O-O Rc8 14. Re1 Qb6 15.
Nb3 Nb4 16. Nbd4 Bh6 17. Bf1 Nec6 18. Nb5 Na5 19. Nd6 Nc2 20. Nxc8 Rxc8 21. Rb1
Nxe1 22. Nxe1 Nc4 23. Nf3 a5 24. Bd3 Qc5 25. Bg3 b5 26. Qe2 b4 27. Rd1 a4 28.
Nh2 a3 29. bxa3 Nxa3 30. Ng4 Bg7 31. Bh4 Nb5 32. Bxb5 Bxb5 33. Qf3 Qc3 34. Qf4
Be2 35. Nf6+ Kh8 36. Rb1 Rc4 37. Qg5 Qd3 38. Re1 h6 39. Qg3 Qxg3 40. Bxg3 Rc2
41. Rb1 Bf8 42. a3 d4 43. axb4 d3 44. Ra1 d2 45. Ra7 d1=Q+ 46. Kh2 1/2-1/2